000 00440nam a2200169 4500
001 VA40417
003 ES-SlBCS
005 20210601154337.0
008 140520s1970 xxu||||| |||| 00| 0 spa d
041 _aspa
100 1 _aOrdóñez Ancín, Jesús
_929008
245 1 0 _aIntenta nervios de acero
_cJesús Ordóñez Ancín
260 _aMadrid :
_bStudium
_c, 1970
300 _a164 p.;
_c18 cm
650 _aSerenidad
_9368920
942 _cBK
999 _c803434
_d803434